| Tag |
First Indicator |
Second Indicator |
Subfields |
| LEADER |
00000cam a2200000 4500 |
| 001 |
in00000339421 |
| 005 |
20151011055346.0 |
| 008 |
750827s1961 nyua b 00100 eng |
| 010 |
|
|
|a 61018378
|
| 035 |
|
|
|a (OCoLC)01576977
|
| 035 |
|
|
|9 ABM2899AM
|
| 040 |
|
|
|a DLC
|c FBA
|d TXA
|d UtOrBLW
|
| 049 |
|
|
|a TXAM
|c [345710]
|
| 050 |
0 |
0 |
|a TA455.P55
|b D4
|
| 082 |
0 |
|
|a 620.192
|
| 100 |
1 |
|
|a Delmonte, John.
|
| 245 |
1 |
0 |
|a Metal-filled plastics.
|
| 264 |
|
1 |
|a New York :
|b Reinhold Pub. Corp.,
|c [1961]
|
| 264 |
|
4 |
|c [©1961]
|
| 300 |
|
|
|a 240 pages :
|b illustrations ;
|c 20 cm.
|
| 336 |
|
|
|a text
|b txt
|2 rdacontent
|
| 337 |
|
|
|a unmediated
|b n
|2 rdamedia
|
| 338 |
|
|
|a volume
|b nc
|2 rdacarrier
|
| 490 |
1 |
|
|a Reinhold plastics applications series
|
| 500 |
|
|
|a A Reinhold pilot book.
|
| 504 |
|
|
|a Includes bibliography.
|
| 650 |
|
0 |
|a Reinforced plastics.
|
| 650 |
|
0 |
|a Metals.
|
| 830 |
|
0 |
|a Reinhold plastics applications series.
|
| 999 |
|
|
|a MARS
|
| 999 |
f |
f |
|s 358cd393-0756-3951-890c-af0cd15f5516
|i 47eff70c-ed54-3e1c-8115-9f2dae7fa732
|t 0
|
| 952 |
f |
f |
|p ric
|a Texas A&M University
|b Rellis Campus
|c Joint Library Facility
|d Remote Storage
|t 0
|e TA455.P55 D4
|h Library of Congress classification
|i unmediated -- volume
|m A14805321563
|
| 998 |
f |
f |
|a TA455.P55 D4
|t 0
|l Remote Storage
|